MARC details
| 000 -CABECERA |
| campo de control de longitud fija |
01385nam a2200289 a 4500 |
| 001 - NÚMERO DE CONTROL |
| campo de control |
000006577 |
| 005 - FECHA Y HORA DE LA ÚLTIMA TRANSACCIÓN |
| campo de control |
20200929153944.0 |
| 008 - DATOS DE LONGITUD FIJA--INFORMACIÓN GENERAL |
| campo de control de longitud fija |
090826s2006 dr 001 0 spa d |
| 040 ## - FUENTE DE LA CATALOGACIÓN |
| Centro catalogador/agencia de origen |
DO-SdBNP |
| Lengua de catalogación |
spa |
| Centro/agencia transcriptor |
BNPHU |
| 082 ## - NÚMERO DE LA CLASIFICACIÓN DECIMAL DEWEY |
| Número de clasificación |
323.445 |
| Número de documento/Ítem |
R426L, 2006 |
| 110 1# - ENTRADA PRINCIPAL--NOMBRE DE ENTIDAD CORPORATIVA |
| Nombre de entidad corporativa o nombre de jurisdicción como elemento de entrada |
República Dominicana. |
| 9 (RLIN) |
447 |
| 240 12 - TÍTULO UNIFORME |
| Título uniforme |
[Leyes, etc.] |
| 245 10 - MENCIÓN DE TÍTULO |
| Título |
Ley general de libre acceso a la información pública y reglamento de aplicación / |
| Mención de responsabilidad, etc. |
prólogo José Tomás Pérez ; presentación José Alfredo Rizek Vidal. |
| 246 13 - FORMA VARIANTE DE TÍTULO |
| Título propio/Titulo breve |
Ley general sobre libre acceso a la información pública nº. 200-04 |
| 246 13 - FORMA VARIANTE DE TÍTULO |
| Título propio/Titulo breve |
Decreto No. 130-05 que aprueba el reglamento de la ley general de libre acceso a l a información pública. |
| 250 ## - MENCIÓN DE EDICIÓN |
| Mención de edición |
3ª ed. |
| 260 ## - PUBLICACIÓN, DISTRIBUCIÓN, ETC. |
| Lugar de publicación, distribución, etc. |
Santo Domingo : |
| Nombre del editor, distribuidor, etc. |
FINJUS, |
| Fecha de publicación, distribución, etc. |
2006. |
| 300 ## - DESCRIPCIÓN FÍSICA |
| Extensión |
81 p. ; |
| Dimensiones |
22 cm. |
| 505 0# - NOTA DE CONTENIDO CON FORMATO |
| Información miscelánea |
Prólogo -- |
| -- |
Presentación -- |
| Título |
Ley general sobre libre acceso a la información pública -- |
| -- |
Reglamento de aplicación de la Ley General de libre acceso a la información pública. |
| 590 ## - NOTA LOCAL (RLIN) |
| Nota local |
Inventariado, 2018/BT |
| 650 #4 - PUNTO DE ACCESO ADICIONAL DE MATERIA--TÉRMINO DE MATERIA |
| Término de materia o nombre geográfico como elemento de entrada |
Acceso a la información |
| Subdivisión general |
Legislación |
| 9 (RLIN) |
17043 |
| 650 #4 - PUNTO DE ACCESO ADICIONAL DE MATERIA--TÉRMINO DE MATERIA |
| Término de materia o nombre geográfico como elemento de entrada |
Política de información |
| Subdivisión geográfica |
República Dominicana |
| 9 (RLIN) |
17044 |
| 651 #4 - PUNTO DE ACCESO ADICIONAL DE MATERIA--NOMBRE GEOGRÁFICO |
| Nombre geográfico |
República Dominicana |
| Subdivisión general |
Ley 200-04 |
| 9 (RLIN) |
17045 |
| 700 1# - PUNTO DE ACCESO ADICIONAL--NOMBRE DE PERSONA |
| Nombre de persona |
Pérez, José Tomás, |
| Término indicativo de función/relación |
pról. |
| 9 (RLIN) |
17046 |
| 700 1# - PUNTO DE ACCESO ADICIONAL--NOMBRE DE PERSONA |
| Nombre de persona |
Fundación Institucionalidad y Justicia |
| 9 (RLIN) |
18260 |
| 910 ## - DATOS DE OPCIÓN DEL USUARIO (OCLC) |
| Datos de opción del usuario |
Validado. Control de calidad. EMS |